000 00398nam a22001577a 4500
003 MPLRDC
005 20220104114225.0
008 210129b ||||| |||| 00| 0 eng d
082 _a857.49 SJL
100 _a四近楼
245 _a红楼梦谈屑
_c
260 _a
_b合众出版社
_c1988
300 _b
650 _a话本小说及章回--红楼梦研究与评论
942 _cBK
_o857.49 SJL
999 _c5797
_d5787